THREE CONTINENTS (Record no. 375075)

MARC details
000 -LEADER
fixed length control field 00345nam a2200145Ia 4500
008 - FIXED-LENGTH DATA ELEMENTS--GENERAL INFORMATION
fixed length control field 100122s9999 xx 000 0 und d
082 ## - DEWEY DECIMAL CLASSIFICATION NUMBER
Item number 49251
Classification number 823
100 ## - MAIN ENTRY--PERSONAL NAME
Personal name JHABVALA R P
245 ## - TITLE STATEMENT
Title THREE CONTINENTS
260 ## - PUBLICATION, DISTRIBUTION, ETC. (IMPRINT)
Name of publisher, distributor, etc SIMON & SCHUSTER
Date of publication, distribution, etc 1988
300 ## - PHYSICAL DESCRIPTION
Extent 384
630 ## - SUBJECT ADDED ENTRY--UNIFORM TITLE
Uniform title THREE CONTINENTS
730 ## - ADDED ENTRY--UNIFORM TITLE
Uniform title THREE CONTINENTS
942 ## - ADDED ENTRY ELEMENTS (KOHA)
Koha item type Book
Holdings
Withdrawn status Lost status Damaged status Not for loan Home library Current library Date acquired Cost, normal purchase price Total Checkouts Full call number Barcode Date last seen Cost, replacement price Price effective from Koha item type Public note
        S.V. Pathak Library, Vile Parle S.V. Pathak Library, Vile Parle 02/22/1994 112.00   49251 SVPPARLE-49251 01/25/2010 112.00 01/25/2010 Book ", , General, NA"